Patentová nezávadnosť výrobkov. 3. Vytváranie podmienok pre vznik patentovo nezávadných konštrukcií.

Menná rešerš ako druh vecnej rešerše, pri ktorej sa vyhľadávajú ochranné dokumenty určitej firmy alebo určitého vynálezcu. Rešerš na analogické patenty a na právoplatnosť udelenia patentu. Rešerše na patentovú nezávadnosť výrobkov (patentovú čistotu). Vecné rešerše zamerané na zisťovanie svetového s...

Descrizione completa

Salvato in:
Dettagli Bibliografici
Autore principale: Lonský, J.
Natura: Capitolo di libro
Lingua:slovacco
Soggetti:
Tags: Aggiungi Tag
Nessun Tag, puoi essere il primo ad aggiungerne!!

MARC

LEADER 00000naa a2200000 4500
001 r011707
005 20220826094121.9
041 0 |a slo 
044 |a [CS] 
245 1 0 |a Patentová nezávadnosť výrobkov. 3.  |b Vytváranie podmienok pre vznik patentovo nezávadných konštrukcií.  |c J. Lonský 
520 |a Menná rešerš ako druh vecnej rešerše, pri ktorej sa vyhľadávajú ochranné dokumenty určitej firmy alebo určitého vynálezcu. Rešerš na analogické patenty a na právoplatnosť udelenia patentu. Rešerše na patentovú nezávadnosť výrobkov (patentovú čistotu). Vecné rešerše zamerané na zisťovanie svetového stavu techniky. Doplnkové rešerše a informácie o nových vynálezoch. 
610 2 0 |a patenty 
610 2 0 |a výrobky 
610 2 0 |a právo priemyselné 
610 2 0 |a vynálezy 
610 2 0 |a rešerše 
100 1 |a Lonský, J.